| 000 | 00604nam a22002052 4500 | ||
|---|---|---|---|
| 001 | 0000009740 | ||
| 005 | 20151217152059.0 | ||
| 008 | 081125s xx 000 0 eng d | ||
| 040 |
_aKABU _cKABU |
||
| 100 | 1 |
_aRussell, A. G. _@0000161506 |
|
| 245 | 1 | 0 |
_aColour, race and empire / _cA. G. Russell. |
| 250 | _a1st ed. | ||
| 260 |
_aLondon : _bVictor Gollancz, _c1944. |
||
| 300 | _a278 p. | ||
| 650 | 0 |
_aRace relations. _@0000153102 |
|
| 651 | 0 |
_aGreat Britain _xRace relations _zColonies. _@0000161507 |
|
| 852 | 1 | _9p200 KES | |
| 908 | _a081125 | ||
| 950 | _@1 | ||
| 999 |
_c8010 _d8010 |
||